Toxic waste
| Main Author: | |
|---|---|
| Format: | Book |
| Published: |
London :
Gloucester Press ,
1992
|
| Series: | World about us
|
| Subjects: |
MARC
| LEADER | 00000cam a2200000 7i4500 | ||
|---|---|---|---|
| 001 | 0000001262 | ||
| 002 | 000001391 | ||
| 005 | 20000330.0 | ||
| 020 | |a 0749607440 | ||
| 090 | 0 | 0 | |a J 030 |b WOR |
| 100 | 1 | |a Spence, M | |
| 245 | 1 | 0 | |a Toxic waste |c by M. Spence |
| 260 | |a London : |b Gloucester Press , |c 1992 | ||
| 300 | |a 32p. ; |c 22cm. | ||
| 490 | 0 | |a World about us | |
| 650 | 0 | 0 | |a Toxic waste |x Juvenile literature |
| 999 | |a 026767 |b BUKU |c JUNIOR REFERENCE |e PERPUSTAKAAN KOMUNITI CAW KOTA DAMANSARA | ||
| 999 | |a 031007 |b BUKU |c JUNIOR REFERENCE |e PERPUSTAKAAN KOMUNITI CAW KOTA DAMANSARA | ||